[Event "4NCL Division 1b"]
[Site "Solihull, ENG"]
[Date "2018.01.14"]
[Round "4.82"]
[White "Sarakauskas, Gediminas"]
[Black "Cooper, John G"]
[Result "1-0"]
[WhiteElo "2416"]
[BlackElo "2294"]
[PlyCount "113"]
[EventDate "2018.01.14"]
[WhiteTeam "Guildford 2"]
[BlackTeam "West is Best 1"]

1. d4 Nf6 2. g3 c5 3. Nf3 cxd4 4. Nxd4 d5 5. Bg2 e5 6. Nb3 Be6 7. Bg5 Nbd7 8.
e4 dxe4 9. N1d2 Be7 10. O-O O-O 11. Qe2 Qc7 12. c3 a5 13. Nc1 a4 14. a3 h6 15.
Bxf6 Nxf6 16. Re1 Bg4 17. Qf1 Qb6 18. Rb1 Rfd8 19. Nxe4 Bxa3 20. Nxf6+ gxf6 21.
Nd3 Bf8 22. Be4 Bg7 23. Nb4 f5 24. Nd5 Qc5 25. Ne3 fxe4 26. Nxg4 f5 27. Ne3 Rf8
28. Qh3 Qc8 29. Rbd1 Ra6 30. Rd2 Raf6 31. Red1 R6f7 32. Rd6 Kh7 33. Qh5 f4 34.
Qg6+ Kh8 35. Ng4 Qf5 36. Nxh6 Qxg6 37. Rxg6 Rf6 38. Rxf6 Rxf6 39. Ng4 Rb6 40.
Ra1 Rxb2 41. Rxa4 Rb1+ 42. Kg2 Re1 43. Rb4 Kh7 44. Rxb7 Kg6 45. c4 Rc1 46. Rc7
f3+ 47. Kh3 Bf8 48. Ne3 Bb4 49. Rc6+ Kf7 50. Ng4 Bc3 51. Kh4 Bd4 52. Kg5 Bxf2
53. Rf6+ Ke7 54. Nxf2 e3 55. Rxf3 Rc3 56. Rf5 e4 57. Nxe4 1-0